000 00978nam a2200253 a 4500
001 1481
003 BR-CuiBMT
005 20231212151925.0
008 230811s2016 spba 000 0 por d
040 _aBR-CuiBMT
_cBR-CuiBMT
080 _22007
_a336.1:352
090 _a336.1:352
_bS239m
110 1 _aSão Paulo.
_bTribunal de Contas do Estado de São Paulo.
245 1 0 _aManual básico :
_bgestão financeira de prefeituras e câmaras municipais com as regras do último ano de mandato e da legislação eleitoral /
_cTribunal de Contas do Estado de São Paulo.
260 _aSão Paulo :
_bTCE-SP,
_c2016.
300 _a109 p. :
_bil. ;
_c23 cm
504 _aInclui bibliografia.
650 _aOrçamento municipal
_xGestão financeira
650 _aDespesas públicas
_xMunicípios
650 _aGestão pública municipal
650 _aControle orçamentário
_xRecursos públicos municipais
650 _aLei de responsabilidade fiscal
_xMunicípios
942 _2udc
_cLV
999 _c1481
_d1481